Concentrated solar thermal energy / (Record no. 355197)
[ view plain ]
| 000 -LEADER | |
|---|---|
| fixed length control field | 01845nam a2200241 a 4500 |
| 001 - CONTROL NUMBER | |
| control field | ASIN3836435233 |
| 003 - CONTROL NUMBER IDENTIFIER | |
| control field | Nust- CAS-E |
| 005 - DATE AND TIME OF LATEST TRANSACTION | |
| control field | 20180118181353.0 |
| 008 - FIXED-LENGTH DATA ELEMENTS--GENERAL INFORMATION | |
| fixed length control field | 140210s2008 xxu eng d |
| 020 ## - INTERNATIONAL STANDARD BOOK NUMBER | |
| International Standard Book Number | 3836435233 |
| Terms of availability | $89.00 |
| 020 ## - INTERNATIONAL STANDARD BOOK NUMBER | |
| International Standard Book Number | 9783836435239 |
| 040 ## - CATALOGING SOURCE | |
| Transcribing agency | 0 |
| 050 04 - LIBRARY OF CONGRESS CALL NUMBER | |
| Classification number | TJ810 |
| 082 04 - DEWEY DECIMAL CLASSIFICATION NUMBER | |
| Classification number | 621.47 |
| Author Mark | NEW 2008 |
| 100 1# - MAIN ENTRY--PERSONAL NAME | |
| Personal name | Newton, Charles Christopher. |
| 245 10 - TITLE STATEMENT | |
| Title | Concentrated solar thermal energy / |
| Statement of responsibility, etc. | Charles Christopher Newton. |
| 260 ## - PUBLICATION, DISTRIBUTION, ETC. | |
| Place of publication, distribution, etc. | [S.l.] : |
| Name of publisher, distributor, etc. | VDM Verlag Dr. Mueller e.K., |
| Date of publication, distribution, etc. | 2008. |
| 300 ## - PHYSICAL DESCRIPTION | |
| Extent | 184 p. ; |
| Dimensions | 25 cm. |
| 520 ## - SUMMARY, ETC. | |
| Summary, etc. | Even in today's world market, with all of the vast technological advancements and improvements, there are still people who live in darkness at night. These areas lack the infrastructure and resources for such an amenity. Also, throughout the world, the demand for useable energy is increasing rapidly, with electricity being the energy of choice. One way to meet this increasing demand for electricity is to steer away from conventional methods and move towards novel, alternative, renewable, energy resources, such as solar energy. With a move towards solar energy, solar thermal technology has become competitive in some very limited markets. Few solar thermal systems to date have been developed and produced for the use of power generation, however, due to complex designs and costs of production and maintenance, these solar thermal systems have fallen behind in the world of alternative energy systems. The concentrated solar thermal system discussed in this work is designed with simplicity in mind, and is designed with the idea of being used in off-grid and less tech-savvy areas; most importantly, as a proof of concept. |
| 650 #0 - SUBJECT ADDED ENTRY--TOPICAL TERM | |
| Topical term or geographic name entry element | Solar energy |
| 856 40 - ELECTRONIC LOCATION AND ACCESS | |
| Materials specified | Amazon.com |
| Uniform Resource Identifier | <a href="http://www.amazon.com/exec/obidos/ASIN/3836435233/chopaconline-20">http://www.amazon.com/exec/obidos/ASIN/3836435233/chopaconline-20</a> |
| 942 ## - ADDED ENTRY ELEMENTS (KOHA) | |
| Source of classification or shelving scheme | |
| Koha item type | Book |
| Withdrawn status | Lost status | Source of classification or shelving scheme | Damaged status | Not for loan | Permanent Location | Current Location | Shelving location | Date acquired | Source of acquisition | Total Checkouts | Full call number | Barcode | Date last seen | Date last checked out | Copy number | Cost, replacement price | Price effective from | Koha item type |
|---|---|---|---|---|---|---|---|---|---|---|---|---|---|---|---|---|---|---|
| US-Pakistan Center for Advanced Studies in Energy (USPCAS-E) | US-Pakistan Center for Advanced Studies in Energy (USPCAS-E) | General Stacks | 10/04/2013 | Victoria co | 2 | 621.47 NEW 2008 | CAS-E0000041 | 12/16/2016 | 11/29/2016 | 01 | 9615.00 | 02/11/2014 | Book | |||||
| US-Pakistan Center for Advanced Studies in Energy (USPCAS-E) | US-Pakistan Center for Advanced Studies in Energy (USPCAS-E) | General Stacks | 10/04/2013 | Victoria co | 621.47 NEW 2008 | CAS-E0000042 | 02/11/2014 | 02 | 9615.00 | 02/11/2014 | Book |
